[Event "43. Olimpiada Batumi 2018 Femenina"]
[Site "Batumi GEO"]
[Date "2018.09.26"]
[Round "3.4"]
[White "Osmak, Iulija"]
[Black "Cosman, Andreea-Marioara"]
[Result "1-0"]
[WhiteElo "2405"]
[BlackElo "2157"]
[PlyCount "71"]
[EventDate "2018.09.24"]
[EventType "team-swiss"]
[EventRounds "11"]
[EventCountry "GEO"]
[SourceTitle "Ajedrez en Madrid"]
[Source "lmi"]
[SourceDate "2018.09.24"]
[WhiteTeam "Ukraine"]
[BlackTeam "Romania"]
[WhiteTeamCountry "UKR"]
[BlackTeamCountry "ROU"]

1. d4 d5 2. Bf4 Nf6 3. e3 c5 4. c3 Nc6 5. Nd2 Bf5 6. Qb3 Qd7 7. Ngf3 c4 8. Qd1
h6 9. Be2 e6 10. O-O Be7 11. Ne5 Nxe5 12. Bxe5 O-O 13. f3 Qc6 14. e4 dxe4 15.
Nxc4 Nd7 16. Bf4 Bh7 17. Qe1 b5 18. Nd2 b4 19. Nxe4 Bxe4 20. fxe4 Qxe4 21. Qd2
e5 22. Rae1 Bh4 23. g3 bxc3 24. bxc3 exf4 25. Bd3 Qc6 26. gxh4 Rac8 27. c4 Nb6
28. c5 Nd5 29. Be4 Qd7 30. Bxd5 Qxd5 31. Rxf4 Rfd8 32. Qg2 Qc4 33. Rg4 Rxd4 34.
Rxg7+ Kh8 35. Rf1 Qxc5 36. Rh7+ 1-0

[Event "43. Olimpiada Batumi 2018 Femenina"]
[Site "Batumi GEO"]
[Date "2018.09.26"]
[Round "3.1"]
[White "Ordaz Valdes, Lisandra Teresa"]
[Black "Ju, Wenjun"]
[Result "0-1"]
[WhiteElo "2415"]
[BlackElo "2561"]
[PlyCount "98"]
[EventDate "2018.09.24"]
[EventType "team-swiss"]
[EventRounds "11"]
[EventCountry "GEO"]
[SourceTitle "Ajedrez en Madrid"]
[Source "lmi"]
[SourceDate "2018.09.24"]
[WhiteTeam "Cuba"]
[BlackTeam "China"]
[WhiteTeamCountry "CUB"]
[BlackTeamCountry "CHN"]

1. d4 Nf6 2. c4 e6 3. Nc3 Bb4 4. Qc2 d5 5. a3 Bxc3+ 6. Qxc3 b6 7. Nf3 dxc4 8.
Qxc4 Ba6 9. Qa4+ Qd7 10. Qc2 h6 11. Bf4 O-O 12. Be5 Ng4 13. e3 Bxf1 14. Kxf1
Nc6 15. Bg3 Rac8 16. Qa4 Qd5 17. Rc1 Na5 18. h3 Nf6 19. b4 Nc4 20. Qb3 b5 21.
Kg1 Ne4 22. Kh2 f6 23. Rhe1 Rf7 24. Ng1 e5 25. Ne2 Nxg3 26. Nxg3 e4 27. Kg1 f5
28. Ne2 c6 29. Nf4 Qd6 30. Rcd1 Kh7 31. d5 a6 32. dxc6 Qxc6 33. Qc3 Rd7 34. Ne2
Rcd8 35. Rxd7 Rxd7 36. Nd4 Qd5 37. Rd1 Qe5 38. g3 Qe8 39. Kg2 Qh5 40. Rf1 Qf7
41. Rc1 Rc7 42. Nb3 Rd7 43. Nd4 Ne5 44. Qc8 Nd3 45. Rc6 Ne1+ 46. Kh2 Rxd4 47.
exd4 e3 48. fxe3 Qa2+ 49. Kg1 Qg2# 0-1

[Event "43. Olimpiada Batumi 2018 Femenina"]
[Site "Batumi GEO"]
[Date "2018.09.26"]
[Round "3.2"]
[White "Shen, Yang"]
[Black "Marrero Lopez, Yaniet"]
[Result "1-0"]
[WhiteElo "2464"]
[BlackElo "2281"]
[PlyCount "89"]
[EventDate "2018.09.24"]
[EventType "team-swiss"]
[EventRounds "11"]
[EventCountry "GEO"]
[SourceTitle "Ajedrez en Madrid"]
[Source "lmi"]
[SourceDate "2018.09.24"]
[WhiteTeam "China"]
[BlackTeam "Cuba"]
[WhiteTeamCountry "CHN"]
[BlackTeamCountry "CUB"]

1. d4 Nf6 2. c4 e6 3. Nc3 Bb4 4. Qc2 O-O 5. a3 Bxc3+ 6. Qxc3 d5 7. Bg5 dxc4 8.
Qxc4 b6 9. Rc1 Ba6 10. Qc3 h6 11. Bxf6 Qxf6 12. Nf3 Rc8 13. b4 c5 14. dxc5
Qxc3+ 15. Rxc3 bxc5 16. bxc5 Nd7 17. c6 Rab8 18. e3 Bxf1 19. Rxf1 Nf6 20. Ke2
Rb2+ 21. Kd3 Nd5 22. Rc4 Rb3+ 23. Ke2 Rxa3 24. Nd4 Ra2+ 25. Kf3 Kf8 26. Rb1 Ra6
27. Rb7 Nc7 28. h4 Ra5 29. Nb3 Ra2 30. Nc5 Nd5 31. Nd7+ Ke8 32. Ne5 Rc7 33. e4
Ra3+ 34. Ke2 Nf4+ 35. Kd2 Rc8 36. Nxf7 Kf8 37. g3 Ng6 38. h5 Ne7 39. Nd6 Rd8
40. e5 Ra2+ 41. Ke1 Ra5 42. f4 Ra1+ 43. Kf2 Ra2+ 44. Kg1 Ra1+ 45. Kh2 1-0

[Event "43. Olimpiada Batumi 2018 Femenina"]
[Site "Batumi GEO"]
[Date "2018.09.26"]
[Round "3.3"]
[White "Arribas Robaina, Maritza"]
[Black "Huang, Qian"]
[Result "0-1"]
[WhiteElo "2243"]
[BlackElo "2446"]
[PlyCount "72"]
[EventDate "2018.09.24"]
[EventType "team-swiss"]
[EventRounds "11"]
[EventCountry "GEO"]
[SourceTitle "Ajedrez en Madrid"]
[Source "lmi"]
[SourceDate "2018.09.24"]
[WhiteTeam "Cuba"]
[BlackTeam "China"]
[WhiteTeamCountry "CUB"]
[BlackTeamCountry "CHN"]

1. e4 c5 2. Nf3 d6 3. Bb5+ Nc6 4. O-O Bd7 5. c3 Nf6 6. Re1 a6 7. Bf1 Bg4 8. h3
Bxf3 9. Qxf3 g6 10. a4 Bg7 11. Na3 O-O 12. d3 b5 13. axb5 axb5 14. Bg5 b4 15.
Nb5 Rxa1 16. Rxa1 Qb6 17. d4 cxd4 18. cxd4 Nxd4 19. Qe3 e5 20. Rd1 Re8 21. Bxf6
Bxf6 22. Nxd4 exd4 23. Qf3 Kg7 24. Bc4 Re7 25. Bd5 Qc5 26. Qd3 Rc7 27. Bb3 h5
28. Kf1 h4 29. Ra1 Qg5 30. Bc4 Qf4 31. b3 Qh2 32. Ra6 d5 33. Bxd5 Rc1+ 34. Ke2
Qxg2 35. Bc4 Qf1+ 36. Kf3 Rc3 0-1

[Event "43. Olimpiada Batumi 2018 Femenina"]
[Site "Batumi GEO"]
[Date "2018.09.26"]
[Round "3.4"]
[White "Lei, Tingjie"]
[Black "Llaudy Pupo, Lisandra"]
[Result "1/2-1/2"]
[WhiteElo "2468"]
[BlackElo "2294"]
[PlyCount "78"]
[EventDate "2018.09.24"]
[EventType "team-swiss"]
[EventRounds "11"]
[EventCountry "GEO"]
[SourceTitle "Ajedrez en Madrid"]
[Source "lmi"]
[SourceDate "2018.09.24"]
[WhiteTeam "China"]
[BlackTeam "Cuba"]
[WhiteTeamCountry "CHN"]
[BlackTeamCountry "CUB"]

1. e4 d6 2. d4 Nf6 3. Nc3 e5 4. Nf3 Nbd7 5. Bc4 Be7 6. O-O O-O 7. Re1 a6 8. a4
b6 9. Bf1 Bb7 10. b3 Re8 11. Ba3 Bf8 12. d5 a5 13. Bb5 g6 14. Qe2 Bg7 15. Nd2
Rf8 16. b4 Nh5 17. bxa5 Rxa5 18. Bb4 Ra8 19. g3 f5 20. exf5 Rxf5 21. Nc4 Nc5
22. a5 e4 23. Qd2 Rf3 24. Ne3 bxa5 25. Bxc5 dxc5 26. Rab1 Bxc3 27. Qxc3 Qf6 28.
Qxc5 Rf8 29. Bc4 Ba6 30. d6+ Bxc4 31. Qxc4+ Kh8 32. dxc7 Rxe3 33. Rxe3 Qxf2+
34. Kh1 Qxe3 35. Rf1 Nxg3+ 36. hxg3 Qh6+ 37. Kg2 Qd2+ 38. Kh1 Qh6+ 39. Kg2 Qd2+
1/2-1/2

[Event "43. Olimpiada Batumi 2018 Femenina"]
[Site "Batumi GEO"]
[Date "2018.09.26"]
[Round "3.1"]
[White "Atalik, Ekaterina"]
[Black "Zawadzka, Jolanta"]
[Result "1-0"]
[WhiteElo "2447"]
[BlackElo "2424"]
[PlyCount "83"]
[EventDate "2018.09.24"]
[EventType "team-swiss"]
[EventRounds "11"]
[EventCountry "GEO"]
[SourceTitle "Ajedrez en Madrid"]
[Source "lmi"]
[SourceDate "2018.09.24"]
[WhiteTeam "Turkey"]
[BlackTeam "Poland"]
[WhiteTeamCountry "TUR"]
[BlackTeamCountry "POL"]

1. d4 d5 2. c4 e6 3. Nf3 c6 4. g3 Nf6 5. Bg2 Be7 6. O-O O-O 7. Nc3 b6 8. b3 Ba6
9. Bb2 b5 10. Ne5 bxc4 11. bxc4 Nfd7 12. cxd5 Nxe5 13. dxe5 cxd5 14. Qa4 Qd7
15. Qg4 Qe8 16. Rfc1 Nc6 17. Qa4 Bc4 18. Nxd5 exd5 19. Rxc4 dxc4 20. Bxc6 Qb8
21. Bc3 Qc7 22. Bxa8 Rxa8 23. Rd1 a5 24. Rd7 Qc5 25. Bd4 Qb4 26. Qxb4 Bxb4 27.
Rc7 Bf8 28. Rxc4 a4 29. Kg2 a3 30. Rc2 h6 31. f4 g5 32. Kf3 Rb8 33. Ke4 Be7 34.
f5 Bf8 35. g4 Rd8 36. e3 Rb8 37. Rc7 Bb4 38. h3 Bf8 39. f6 Rd8 40. Kf5 Re8 41.
Rb7 Re6 42. Rb6 1-0

[Event "43. Olimpiada Batumi 2018 Femenina"]
[Site "Batumi GEO"]
[Date "2018.09.26"]
[Round "3.2"]
[White "Szczepkowska, Karina"]
[Black "Ozturk, Kubra"]
[Result "1/2-1/2"]
[WhiteElo "2407"]
[BlackElo "2345"]
[PlyCount "125"]
[EventDate "2018.09.24"]
[EventType "team-swiss"]
[EventRounds "11"]
[EventCountry "GEO"]
[SourceTitle "Ajedrez en Madrid"]
[Source "lmi"]
[SourceDate "2018.09.24"]
[WhiteTeam "Poland"]
[BlackTeam "Turkey"]
[WhiteTeamCountry "POL"]
[BlackTeamCountry "TUR"]

1. d4 d5 2. c4 dxc4 3. Nf3 a6 4. e3 b5 5. a4 Bb7 6. b3 e6 7. bxc4 bxc4 8. Bxc4
Nf6 9. O-O Nbd7 10. Nbd2 Be7 11. Rb1 Bd5 12. Bd3 c5 13. e4 Bc6 14. Bc2 O-O 15.
Qe2 Rb8 16. Rxb8 Qxb8 17. Ba3 Qa8 18. Re1 Re8 19. h3 g6 20. Nc4 Bf8 21. Bb2
cxd4 22. Bxd4 Bb4 23. Rb1 a5 24. Nfd2 e5 25. Ba1 Nh5 26. g3 Qa6 27. Qf3 Ng7 28.
Bb3 Bxd2 29. Nxd2 Ne6 30. h4 Re7 31. Qe3 Nec5 32. h5 Qd3 33. Qxd3 Nxd3 34. hxg6
hxg6 35. Bc3 N7c5 36. Bc4 Nxa4 37. Bxa5 Ndc5 38. f3 Ne6 39. Rb8+ Kg7 40. Bb4
Rb7 41. Rxb7 Bxb7 42. Bxe6 fxe6 43. Bd6 Kf6 44. Nc4 Ba6 45. Bxe5+ Ke7 46. Ne3
Nb6 47. Bd4 Nc4 48. Ng4 Bc8 49. Kf2 e5 50. Bc5+ Kf7 51. Nh2 Ba6 52. Ke1 Ke6 53.
Ng4 Bb5 54. Ba7 Ke7 55. Bb8 Bd7 56. Nf2 Ke6 57. Nd3 Bb5 58. Nc5+ Kf6 59. Kf2
Nb2 60. Ke3 Nc4+ 61. Kd3 Nb6+ 62. Ke3 Nd7 63. Nxd7+ 1/2-1/2

[Event "43. Olimpiada Batumi 2018 Femenina"]
[Site "Batumi GEO"]
[Date "2018.09.26"]
[Round "3.3"]
[White "Yildiz Kadioglu, Betul Cemre"]
[Black "Kulon, Klaudia"]
[Result "1/2-1/2"]
[WhiteElo "2287"]
[BlackElo "2347"]
[PlyCount "88"]
[EventDate "2018.09.24"]
[EventType "team-swiss"]
[EventRounds "11"]
[EventCountry "GEO"]
[SourceTitle "Ajedrez en Madrid"]
[Source "lmi"]
[SourceDate "2018.09.24"]
[WhiteTeam "Turkey"]
[BlackTeam "Poland"]
[WhiteTeamCountry "TUR"]
[BlackTeamCountry "POL"]

1. e4 c5 2. Nf3 Nc6 3. Bb5 g6 4. O-O Bg7 5. Re1 e5 6. c3 Nge7 7. a3 O-O 8. b4
d6 9. d3 a6 10. Bc4 b5 11. Ba2 cxb4 12. axb4 d5 13. exd5 Nxd5 14. Bg5 Qd6 15.
Nfd2 Nf4 16. Bxf4 exf4 17. Ne4 Qc7 18. d4 Bf5 19. Nbd2 a5 20. bxa5 b4 21. Bd5
bxc3 22. Nxc3 Rxa5 23. Rxa5 Nxa5 24. Nde4 Rd8 25. Qa4 Nb7 26. Qb3 Rb8 27. Rb1
Bxd4 28. Nb5 Na5 29. Bxf7+ Kg7 30. Nxc7 Nxb3 31. Ne6+ Kxf7 32. Nxd4 Bxe4 33.
Rxb3 Ra8 34. h4 Ra1+ 35. Kh2 Ra2 36. Nf3 Kg7 37. Ng5 Bd5 38. Rd3 h6 39. Nh3 Ba8
40. Nxf4 Rxf2 41. Kg3 Ra2 42. Kh3 g5 43. hxg5 hxg5 44. Nd5 Bxd5 1/2-1/2

[Event "43. Olimpiada Batumi 2018 Femenina"]
[Site "Batumi GEO"]
[Date "2018.09.26"]
[Round "3.4"]
[White "Warakomska, Anna"]
[Black "Arda, Cagil Irmak"]
[Result "1-0"]
[WhiteElo "2305"]
[BlackElo "2096"]
[PlyCount "57"]
[EventDate "2018.09.24"]
[EventType "team-swiss"]
[EventRounds "11"]
[EventCountry "GEO"]
[SourceTitle "Ajedrez en Madrid"]
[Source "lmi"]
[SourceDate "2018.09.24"]
[WhiteTeam "Poland"]
[BlackTeam "Turkey"]
[WhiteTeamCountry "POL"]
[BlackTeamCountry "TUR"]

1. e4 e6 2. d4 d5 3. e5 c5 4. c3 Qb6 5. Nf3 Nc6 6. Na3 Bd7 7. Nc2 cxd4 8. cxd4
Rc8 9. Be2 Qc7 10. Bd2 Nge7 11. Rc1 Qb6 12. Bc3 Ng6 13. Qd2 Nb4 14. Nxb4 Bxb4
15. O-O Bxc3 16. bxc3 O-O 17. h4 Qd8 18. g3 f6 19. h5 Nh8 20. h6 g6 21. exf6
Qxf6 22. Ne5 Bc6 23. Bg4 g5 24. Rfe1 Rce8 25. Bh5 Re7 26. Ng4 Qf5 27. Re5 Qf3
28. Qxg5+ Ng6 29. Bxg6 1-0

[Event "43. Olimpiada Batumi 2018 Femenina"]
[Site "Batumi GEO"]
[Date "2018.09.26"]
[Round "3.1"]
[White "Botsari, Anna-Maria"]
[Black "Danielian, Elina"]
[Result "0-1"]
[WhiteElo "2252"]
[BlackElo "2409"]
[PlyCount "56"]
[EventDate "2018.09.24"]
[EventType "team-swiss"]
[EventRounds "11"]
[EventCountry "GEO"]
[SourceTitle "Ajedrez en Madrid"]
[Source "lmi"]
[SourceDate "2018.09.24"]
[WhiteTeam "Greece"]
[BlackTeam "Armenia"]
[WhiteTeamCountry "GRE"]
[BlackTeamCountry "ARM"]

1. d4 d6 2. c4 e5 3. Nc3 exd4 4. Qxd4 Nc6 5. Qd2 Nf6 6. g3 Be6 7. Nd5 Ne5 8. b3
Ne4 9. Qe3 Nc5 10. Bb2 c6 11. Nc3 Be7 12. Bg2 Qb6 13. Qd2 Bxc4 14. Ne4 Bd5 15.
f3 Bxe4 16. fxe4 Bf6 17. Rb1 O-O 18. Nh3 Rfe8 19. Nf2 Ne6 20. h4 Rad8 21. Bc3
Nc4 22. Qd3 Bxc3+ 23. Qxc3 Ne3 24. Bf3 d5 25. exd5 Nd4 26. Be4 cxd5 27. Bd3 Rc8
28. Qd2 Rc2 0-1

[Event "43. Olimpiada Batumi 2018 Femenina"]
[Site "Batumi GEO"]
[Date "2018.09.26"]
[Round "3.2"]
[White "Mkrtchian, Lilit"]
[Black "Tsolakidou, Stavroula"]
[Result "1/2-1/2"]
[WhiteElo "2384"]
[BlackElo "2393"]
[PlyCount "81"]
[EventDate "2018.09.24"]
[EventType "team-swiss"]
[EventRounds "11"]
[EventCountry "GEO"]
[SourceTitle "Ajedrez en Madrid"]
[Source "lmi"]
[SourceDate "2018.09.24"]
[WhiteTeam "Armenia"]
[BlackTeam "Greece"]
[WhiteTeamCountry "ARM"]
[BlackTeamCountry "GRE"]

1. e4 c5 2. Nf3 e6 3. g3 Nc6 4. Bg2 Nf6 5. Qe2 d6 6. c3 Be7 7. O-O O-O 8. d4
cxd4 9. cxd4 d5 10. e5 Ne4 11. Nbd2 Nxd2 12. Bxd2 Bd7 13. Rfd1 Qb6 14. Bc3 a5
15. Bf1 a4 16. a3 Na5 17. Rac1 Rac8 18. h4 Nc4 19. Qc2 h6 20. Bd3 f5 21. exf6
Rxf6 22. Bxc4 Rxf3 23. Be2 Rf6 24. Bg4 Rcf8 25. Rd2 Qd8 26. Re1 Qe8 27. Rde2
Qf7 28. Bb4 Bxb4 29. axb4 Rc8 30. Qd2 Qe7 31. Re5 Qd6 32. Be2 Qc7 33. Bd3 Qb6
34. b5 Rcf8 35. R1e2 Qc7 36. Kg2 Ra8 37. Qb4 Rf7 38. Rc2 Qb6 39. Rc5 Raf8 40.
f4 Ra8 41. Rc3 1/2-1/2

[Event "43. Olimpiada Batumi 2018 Femenina"]
[Site "Batumi GEO"]
[Date "2018.09.26"]
[Round "3.3"]
[White "Avramidou, Anastasia"]
[Black "Sargsyan, Anna M"]
[Result "0-1"]
[WhiteElo "2260"]
[BlackElo "2331"]
[PlyCount "80"]
[EventDate "2018.09.24"]
[EventType "team-swiss"]
[EventRounds "11"]
[EventCountry "GEO"]
[SourceTitle "Ajedrez en Madrid"]
[Source "lmi"]
[SourceDate "2018.09.24"]
[WhiteTeam "Greece"]
[BlackTeam "Armenia"]
[WhiteTeamCountry "GRE"]
[BlackTeamCountry "ARM"]

1. d4 d5 2. c4 c6 3. Nf3 Nf6 4. Nbd2 e6 5. e3 Ne4 6. Bd3 f5 7. Ne5 Qh4 8. O-O
Bd6 9. cxd5 exd5 10. f3 Nxd2 11. Bxd2 Nd7 12. g3 Qe7 13. f4 O-O 14. Qc2 Nf6 15.
b4 Be6 16. a4 Rac8 17. Qb2 Ne4 18. Rab1 g5 19. Nf3 h6 20. b5 gxf4 21. exf4 c5
22. Ne5 Qg7 23. Be3 b6 24. Nc6 Rf6 25. Bxe4 fxe4 26. dxc5 bxc5 27. Rbc1 Qf8 28.
Nxa7 Ra8 29. b6 d4 30. Nb5 Rxa4 31. Nxd6 Qxd6 32. Rxc5 Qxc5 33. b7 Rb4 34.
b8=Q+ Rxb8 35. Qxb8+ Rf8 36. Qe5 Qxe5 37. fxe5 dxe3 38. Re1 Bh3 39. e6 Bxe6 40.
Rxe3 Bh3 0-1

[Event "43. Olimpiada Batumi 2018 Femenina"]
[Site "Batumi GEO"]
[Date "2018.09.26"]
[Round "3.4"]
[White "Kursova, Maria"]
[Black "Pavlidou, Ekaterini"]
[Result "1-0"]
[WhiteElo "2289"]
[BlackElo "2194"]
[PlyCount "73"]
[EventDate "2018.09.24"]
[EventType "team-swiss"]
[EventRounds "11"]
[EventCountry "GEO"]
[SourceTitle "Ajedrez en Madrid"]
[Source "lmi"]
[SourceDate "2018.09.24"]
[WhiteTeam "Armenia"]
[BlackTeam "Greece"]
[WhiteTeamCountry "ARM"]
[BlackTeamCountry "GRE"]

1. d4 Nf6 2. Nf3 e6 3. c4 b6 4. g3 Ba6 5. b3 Bb4+ 6. Bd2 Be7 7. Nc3 c6 8. e4 d5
9. Qc2 O-O 10. e5 Ne8 11. Bd3 h6 12. O-O Nc7 13. Rad1 c5 14. Bf4 Nc6 15. Qc1
Nb4 16. Bb1 dxc4 17. dxc5 Nd3 18. Qc2 b5 19. Ne1 g6 20. Nxd3 cxd3 21. Rxd3 Qc8
22. b4 Bb7 23. Bxh6 Rd8 24. Rfd1 Rxd3 25. Qxd3 Bc6 26. h4 Kh7 27. Bf4 Qe8 28.
Qe2 Kg7 29. Be4 a5 30. a3 axb4 31. axb4 Ra3 32. Bd2 Rb3 33. Rb1 Ra3 34. h5 Nd5
35. Nxd5 exd5 36. Bg2 Ra2 37. Bh6+ 1-0

[Event "43. Olimpiada Batumi 2018 Femenina"]
[Site "Batumi GEO"]
[Date "2018.09.26"]
[Round "3.1"]
[White "Lujan, Carolina"]
[Black "Hoang, Thanh Trang"]
[Result "1/2-1/2"]
[WhiteElo "2350"]
[BlackElo "2423"]
[PlyCount "138"]
[EventDate "2018.09.24"]
[EventType "team-swiss"]
[EventRounds "11"]
[EventCountry "GEO"]
[SourceTitle "Ajedrez en Madrid"]
[Source "lmi"]
[SourceDate "2018.09.24"]
[WhiteTeam "Argentina"]
[BlackTeam "Hungary"]
[WhiteTeamCountry "ARG"]
[BlackTeamCountry "HUN"]

1. e4 e6 2. d4 d5 3. Nd2 Be7 4. Ngf3 Nf6 5. e5 Nfd7 6. Bd3 c5 7. c3 b6 8. O-O
Ba6 9. Ne1 Bxd3 10. Nxd3 Nc6 11. Qg4 O-O 12. Nf3 Kh8 13. Nf4 Rc8 14. Nh5 Rg8
15. Be3 cxd4 16. cxd4 Nb4 17. Bg5 f6 18. Bh4 f5 19. Bxe7 fxg4 20. Bxd8 gxf3 21.
Bg5 fxg2 22. Kxg2 Rc2 23. Nf4 Re8 24. Rac1 Nf8 25. a3 h6 26. axb4 Rxb2 27. Nd3
Rb3 28. Bxh6 Rxd3 29. Be3 Ng6 30. Kf3 Nh4+ 31. Ke2 Rb3 32. Rb1 Rxb1 33. Rxb1
Rc8 34. Kd3 Nf5 35. Bd2 Kg8 36. Ra1 Rc7 37. Bc3 Kf7 38. Rg1 a6 39. Ra1 Ra7 40.
Bd2 Ke8 41. Ra2 Kd7 42. Rc2 Ra8 43. Be1 Rh8 44. f3 Rh3 45. Bg3 Nxg3 46. hxg3
Rxg3 47. Ke3 g5 48. Ra2 g4 49. Kf4 Rxf3+ 50. Kxg4 Rd3 51. Rxa6 Rxd4+ 52. Kg5
Rxb4 53. Ra7+ Kc6 54. Kf6 Re4 55. Kxe6 d4 56. Ra8 Re3 57. Rd8 Kc5 58. Kf6 Rf3+
59. Kg5 Re3 60. Kf6 Kc4 61. e6 d3 62. e7 Kc3 63. e8=Q Rxe8 64. Rxe8 d2 65. Rc8+
Kb2 66. Rd8 Kc1 67. Rc8+ Kd1 68. Rb8 Kc2 69. Rc8+ Kb2 1/2-1/2

[Event "43. Olimpiada Batumi 2018 Femenina"]
[Site "Batumi GEO"]
[Date "2018.09.26"]
[Round "3.2"]
[White "Gara, Anita"]
[Black "Amura, Claudia"]
[Result "1/2-1/2"]
[WhiteElo "2370"]
[BlackElo "2249"]
[PlyCount "44"]
[EventDate "2018.09.24"]
[EventType "team-swiss"]
[EventRounds "11"]
[EventCountry "GEO"]
[SourceTitle "Ajedrez en Madrid"]
[Source "lmi"]
[SourceDate "2018.09.24"]
[WhiteTeam "Hungary"]
[BlackTeam "Argentina"]
[WhiteTeamCountry "HUN"]
[BlackTeamCountry "ARG"]

1. e4 c5 2. Nf3 Nc6 3. Bb5 Nf6 4. Nc3 g6 5. O-O Bg7 6. Re1 O-O 7. e5 Ne8 8. d3
Nc7 9. Bxc6 dxc6 10. Ne4 b6 11. h3 Ne6 12. Bd2 Nd4 13. Bf4 Qd5 14. Nfd2 Ne6 15.
Nc3 Qd7 16. Bg3 Ba6 17. a4 Rad8 18. a5 b5 19. Nce4 Qd5 20. Nc3 Qd7 21. Nce4 Qd5
22. Nc3 Qd7 1/2-1/2

[Event "43. Olimpiada Batumi 2018 Femenina"]
[Site "Batumi GEO"]
[Date "2018.09.26"]
[Round "3.3"]
[White "Fernandez, Maria Florencia"]
[Black "Gara, Ticia"]
[Result "0-1"]
[WhiteElo "2219"]
[BlackElo "2321"]
[PlyCount "164"]
[EventDate "2018.09.24"]
[EventType "team-swiss"]
[EventRounds "11"]
[EventCountry "GEO"]
[SourceTitle "Ajedrez en Madrid"]
[Source "lmi"]
[SourceDate "2018.09.24"]
[WhiteTeam "Argentina"]
[BlackTeam "Hungary"]
[WhiteTeamCountry "ARG"]
[BlackTeamCountry "HUN"]

1. d4 Nf6 2. c4 e6 3. Nf3 b6 4. a3 Ba6 5. e3 Be7 6. Bd3 d5 7. b3 O-O 8. O-O c5
9. Bb2 cxd4 10. exd4 Nbd7 11. Nbd2 Rc8 12. Qe2 dxc4 13. bxc4 Qc7 14. Rac1 Rfd8
15. Rfe1 Re8 16. h3 Bf8 17. Ng5 h6 18. Nge4 Qb8 19. Qf3 Nxe4 20. Nxe4 Bb7 21.
Qd1 Rcd8 22. Bb1 Qa8 23. f3 Qb8 24. Qc2 f5 25. Nc3 Qg3 26. Qf2 Qg5 27. f4 Qg6
28. Ba2 Nc5 29. Rcd1 Be7 30. Kh2 Ne4 31. Nxe4 Bxe4 32. Bb1 Bb7 33. Re2 Bf6 34.
Rde1 Qf7 35. Ba2 Qd7 36. c5 Bd5 37. Bxd5 Qxd5 38. cxb6 axb6 39. Qe3 Rc8 40. Qd3
b5 41. Rc2 Rc4 42. a4 Rec8 43. Rec1 Rxc2 44. Rxc2 Rxc2 45. Qxc2 bxa4 46. Qxa4
Qe4 47. Qe8+ Kh7 48. Qb8 Qe3 49. Qc7 Bh4 50. Qc1 Bg3+ 51. Kh1 Bxf4 52. Qxe3
Bxe3 53. g3 g5 54. Kg2 g4 55. hxg4 fxg4 56. Kf1 Kg6 57. Ke2 Bg5 58. Bc3 Kf5 59.
Kd3 h5 60. Be1 Be7 61. Ke3 Bd6 62. Kd3 h4 63. gxh4 g3 64. h5 Kg5 65. h6 Kxh6
66. Ke4 g2 67. Bf2 Bh2 68. d5 exd5+ 69. Kxd5 Kg5 70. Ke4 Kg4 71. Ke3 Bg3 72.
Bg1 Bh4 73. Ke2 Kg3 74. Ke3 Bg5+ 75. Ke2 Be7 76. Bd4 Kh2 77. Be3 Kh1 78. Kf3
Bd6 79. Kg4 Bh2 80. Kh3 Bg1 81. Bf4 Bc5 82. Bh2 Bb6 0-1

[Event "43. Olimpiada Batumi 2018 Femenina"]
[Site "Batumi GEO"]
[Date "2018.09.26"]
[Round "3.4"]
[White "Terbe, Julianna"]
[Black "Martinez, Ayelen"]
[Result "0-1"]
[WhiteElo "2260"]
[BlackElo "2215"]
[PlyCount "88"]
[EventDate "2018.09.24"]
[EventType "team-swiss"]
[EventRounds "11"]
[EventCountry "GEO"]
[SourceTitle "Ajedrez en Madrid"]
[Source "lmi"]
[SourceDate "2018.09.24"]
[WhiteTeam "Hungary"]
[BlackTeam "Argentina"]
[WhiteTeamCountry "HUN"]
[BlackTeamCountry "ARG"]

1. Nf3 d5 2. g3 c6 3. Bg2 Nf6 4. O-O Bf5 5. c4 e6 6. cxd5 exd5 7. d3 Be7 8. Qb3
Qc8 9. Nc3 Na6 10. Re1 O-O 11. e4 dxe4 12. dxe4 Be6 13. Qc2 Bh3 14. Bh1 Ng4 15.
Ng5 Ne5 16. Nxh3 Qxh3 17. Bg2 Qg4 18. Qe2 Nb4 19. f3 Bc5+ 20. Be3 Bxe3+ 21.
Qxe3 Qh5 22. Re2 Rfd8 23. g4 Qh4 24. h3 Qg3 25. Rf1 Rd3 26. Qc5 Na6 27. Qe7
Nxf3+ 28. Rxf3 Rxf3 29. Nd1 Nc7 30. Nf2 Re8 31. Qd7 Rf8 32. Qe7 Re8 33. Qd7 Rf8
34. Qe7 Ne6 35. Nh1 Qf4 36. Bxf3 Qxf3 37. Rf2 Qxh3 38. Qxb7 Nd4 39. Rg2 Qe3+
40. Rf2 Qh3 41. Rg2 Nf3+ 42. Kf2 Nh4 43. Rg1 Qf3+ 44. Ke1 Qxe4+ 0-1

[Event "43. Olimpiada Batumi 2018 Femenina"]
[Site "Batumi GEO"]
[Date "2018.09.26"]
[Round "3.1"]
[White "Melia, Salome"]
[Black "Vega Gutierrez, Sabrina"]
[Result "1-0"]
[WhiteElo "2391"]
[BlackElo "2404"]
[PlyCount "81"]
[EventDate "2018.09.24"]
[EventType "team-swiss"]
[EventRounds "11"]
[EventCountry "GEO"]
[SourceTitle "Ajedrez en Madrid"]
[Source "lmi"]
[SourceDate "2018.09.24"]
[WhiteTeam "Georgia 2"]
[BlackTeam "Spain"]
[BlackTeamCountry "ESP"]

1. e4 c5 2. Nf3 d6 3. Bb5+ Nd7 4. O-O a6 5. Bd3 Ngf6 6. c3 b5 7. Bc2 Bb7 8. Qe2
g6 9. d4 Bg7 10. Rd1 Qb6 11. e5 dxe5 12. dxe5 Nd5 13. Be4 Nc7 14. c4 Rd8 15.
Bxb7 Qxb7 16. Nc3 O-O 17. Bg5 f6 18. Bh4 b4 19. Ne4 f5 20. Rxd7 fxe4 21. Rxd8
Rxd8 22. Ng5 Rd4 23. Re1 Bxe5 24. Nxe4 Ne6 25. Bg3 Bxg3 26. hxg3 Qd7 27. Qg4
Kg7 28. b3 h5 29. Qe2 a5 30. Nxc5 Nxc5 31. Qe5+ Kf8 32. Qxc5 Rd1 33. Rxd1 Qxd1+
34. Kh2 Qd8 35. Qe5 Qb6 36. c5 Qb5 37. Qc7 Kf7 38. c6 Qc5 39. Qd7 Qxf2 40. c7
h4 41. Qd5+ 1-0

[Event "43. Olimpiada Batumi 2018 Femenina"]
[Site "Batumi GEO"]
[Date "2018.09.26"]
[Round "3.2"]
[White "Garcia Martin, Marta"]
[Black "Charkhalashvili, Inga"]
[Result "1/2-1/2"]
[WhiteElo "2329"]
[BlackElo "2317"]
[PlyCount "166"]
[EventDate "2018.09.24"]
[EventType "team-swiss"]
[EventRounds "11"]
[EventCountry "GEO"]
[SourceTitle "Ajedrez en Madrid"]
[Source "lmi"]
[SourceDate "2018.09.24"]
[WhiteTeam "Spain"]
[BlackTeam "Georgia 2"]
[WhiteTeamCountry "ESP"]

1. e4 e6 2. d4 d5 3. exd5 exd5 4. Nf3 Bd6 5. c4 dxc4 6. Bxc4 Nf6 7. Qe2+ Qe7 8.
Qxe7+ Bxe7 9. O-O O-O 10. Re1 Bd6 11. Nc3 a6 12. Bg5 Nbd7 13. Bb3 h6 14. Bh4 b5
15. Ne5 Bb7 16. Re2 g5 17. Bg3 Kg7 18. Nxd7 Nxd7 19. Bxd6 cxd6 20. Re7 Rad8 21.
Rae1 Bc8 22. Nd5 Nb8 23. Rc7 Rd7 24. Rc3 Ra7 25. f4 Be6 26. fxg5 hxg5 27. Rg3
Kh6 28. Re4 Bf5 29. Re1 Nc6 30. Kf2 Nxd4 31. h4 g4 32. Ne3 Bc8 33. Nxg4+ Bxg4
34. Rxg4 Nc6 35. Rf4 Kg7 36. Re3 f5 37. Rg3+ Kf6 38. Rg5 Ke5 39. Rf3 d5 40. Rg6
Ne7 41. Re3+ Kd4 42. Rge6 Ng8 43. Ke2 Nf6 44. Rd3+ Kc5 45. Re5 Nh5 46. Rexd5+
Kb6 47. Rd6+ Ka5 48. Kf3 Rg7 49. R3d4 Rg3+ 50. Kf2 Rg4 51. Bd1 Rxd4 52. Rxd4
Nf6 53. b4+ Kb6 54. Bf3 a5 55. Rf4 Nd7 56. Be2 Rf6 57. h5 axb4 58. Rxb4 Nc5 59.
Rxb5+ Kc6 60. Rb2 Kd5 61. Bf3+ Ke5 62. Ke3 Ra6 63. Rd2 Ra3+ 64. Ke2 Ne6 65. Kf2
Nd4 66. Bd1 Ra7 67. Ke3 Ra3+ 68. Kf2 Ra7 69. Rb2 Ra3 70. Be2 Kf6 71. Rb6+ Kg7
72. Bc4 Rc3 73. Rg6+ Kh8 74. Bd5 f4 75. Rg4 Rc2+ 76. Kg1 Rd2 77. Rg8+ Kh7 78.
Rd8 Kh6 79. Rh8+ Kg7 80. Rg8+ Kh6 81. Bf7 f3 82. gxf3 Nxf3+ 83. Kf1 Nh2+
1/2-1/2